000 00846nam a22002775i 4500
001 18648
003 ES-MaACL
005 20230906151905.0
007 t|
008 020215s1993 sp ||||0| spa j
020 _a84-8041-030-2
040 _aM-BN
_bspa
_cM-BN
080 _a364.272.043(460)
080 _a343.575(460)
100 1 _aElorriaga, Gabriel.
_947081
245 1 3 _aLa lucha política contra la droga /
_cGabriel Elorriaga.
260 _aMadrid :
_bFundación Cánovas del Castillo,
_cD.L. 1993.
300 _a229 p ;
_c21 cm.
490 1 _aVeintiuno
650 1 4 _aDrogas-
_xConsumo-
_zEspaña-
_xPrevención.
_911980
650 1 4 _aTráfico de drogas-
_zEspaña.
_917617
710 2 _aFundación Cánovas del Castillo.
_94244
830 0 _aVeintiuno
_9180481
852 _aES-MaACL
_jL-25223
_bR.130731
999 _c18648
_d18648